[Event "FRA-chT1B 0607"]
[Site "France"]
[Date "2007.03.11"]
[Round "11.8"]
[White "Allouet, Jean Marc"]
[Black "Soubrier, Aude"]
[Result "0-1"]
[WhiteElo "1650"]
[BlackElo "1953"]
[PlyCount "54"]
[EventDate "2006.10.15"]
[EventType "team-tourn"]
[EventRounds "11"]
[EventCountry "FRA"]
[SourceTitle "EXT 2008"]
[Source "ChessBase"]
[SourceDate "2007.11.25"]
[SourceVersion "1"]
[SourceVersionDate "2007.11.25"]
[SourceQuality "1"]
[WhiteTeam "Paris Chess Club II"]
[BlackTeam "Lyon Olympique"]
[WhiteTeamCountry "FRA"]
[BlackTeamCountry "FRA"]

1. f4 d5 2. Nf3 Nf6 3. e3 c5 4. b3 e6 5. Bb2 Nbd7 6. Bb5 a6 7. Be2 Be7 8. 0-0 0-0 9. Ne5 Nxe5 10. fxe5 Nd7 11. d4 f5 12. Qe1 b5 13. Nd2 Bb7 14. Rf3 Rc8 15. Qd1 Nb6 16. Rg3 b4 17. a4 a5 18. Rc1 c4 19. Nf3 c3 20. Ba1 Kh8 21. Ne1 g5 22. Bd3 g4 23. Rxg4 fxg4 24. Qxg4 Bg5 25. Qh3 Rc7 26. Rd1 Rcf7 27. Kh1 Rf1+ 0-1